Paesi del Mar Nero - Statistics

Statistiche generali
  • Questo quiz è stato fatto 3.618 volte
  • Il punteggio medio è 6 su 6
Statistiche sulle risposte
Paese % Corretto
Russia
95%
Turchia
95%
Ucraina
93%
Romania
90%
Bulgaria
89%
Georgia
89%
Nessun quiz corrispondente trovato
Distribuzione punteggi
Percentuale di utenti per punteggio
Percentile per numero di risposta
I tuoi punteggi nel tempo
Non hai fatto questo quiz